|
|
|
|
| LEADER |
00697cam a2200205 7i4500 |
| 001 |
0000003080 |
| 005 |
20171103090000.0 |
| 020 |
|
|
|a 013033085X (hbk.)
|
| 020 |
|
|
|a 9780130330857 (hbk.)
|
| 090 |
0 |
0 |
|a TJ213
|b .K83 1991
|
| 100 |
1 |
|
|a Kucera, Vladimir
|
| 245 |
1 |
0 |
|a Analysis and design of discrete linear control systems
|c Vladimir Kucera.
|
| 260 |
|
|
|a New York:
|b Prentice Hall,
|c 1991.
|
| 300 |
|
|
|a viii, 472 p.:
|b ill.;
|c 25 cm.
|
| 500 |
|
|
|a Includes index
|
| 650 |
0 |
0 |
|a Discrete-time systems
|
| 650 |
0 |
0 |
|a Linear control systems
|
| 650 |
0 |
0 |
|a Control theory
|
| 997 |
|
|
|a Engineering & Life Sciences, Faculty
|b Engineering, Department
|
| 999 |
|
|
|a 0000005257
|b BOK
|c OPEN SHELF
|e 2nd Floor, Bestari Jaya
|